Statistics for DFB Pokal Top 4 (1952-Now)

Click here to take the quiz!

General Stats

  • This quiz has been taken 268 times
  • The average score is 37 of 59

Answer Stats

Answer% Correct
FC Bayern Munich
99%
Borussia Dortmund
98%
Eintracht Frankfurt
98%
RB Leipzig
98%
Schalke 04
96%
VfL Wolfsburg
96%
Hamburger SV
95%
Werder Bremen
94%
VfB Stuttgart
93%
1. FC Union Berlin
92%
SC Freiburg
92%
Bayer 04 Leverkusen
91%
1. FC Köln
90%
Borussia Mönchengladbach
89%
Hertha BSC Berlin
88%
Hertha BSC Berlin II
88%
1. FC Kaiserslautern
86%
1. FC Nürnberg
86%
Hannover 96
84%
Fortuna Düsseldorf
80%
1860 Munich
79%
VfL Bochum
79%
FC Augsburg
77%
Dynamo Dresden
76%
Mainz 05
75%
FC St. Pauli
74%
Holstein Kiel
74%
Rot-Weiss Essen
73%
Schwarz-Weiß Essen
73%
Arminia Bielefeld
71%
Hansa Rostock
70%
1. FC Saarbrücken
69%
MSV Duisburg
69%
Karlsruher SC
67%
Alemannia Aachen
64%
Greuther Fürth
64%
Eintracht Braunschweig
62%
Energie Cottbus
55%
SV Waldof Mannheim
53%
VfR Mannheim
52%
Kickers Offenbach
51%
Bayer Uerdingen
42%
Stuttgarter Kickers
39%
FC Carl Zeiss Jena
38%
Rot-Weiss Oberhausen
37%
Wuppertaler SV
36%
Tennis Borussia Berlin
34%
VfB Lübeck
33%
Fortuna Köln
32%
Eintracht Trier
28%
Borussia Neunkirchen
26%
SC Tasmania 1900 Berlin
26%
VfR Wormatia Worms
16%
FK Pirmasens
11%
Chemnitzer FC
10%
Meidericher SV
7%
SF Hamborn 07
4%
TuS Neuendorf
4%
Altonaer FC 93
3%

Score Distribution

Percentile by Number Answered

Percent of People with Each Score

Your Score History

You have not taken this quiz